000 00499cam a2200169ua 4500
020 _a0-7923-2104-9
_c2295.00
041 _aeng
_h
082 _a551.68
_bTAK/CL
100 _aTakakura, Tadashi .
245 _aClimate under cover: Digital dynamics simulation in plant bio-engineering /
_cTadashi Takakura.
_hTextual Documents
260 _aLondon :
_bKluwer Academic Publishers ,
_c1993.
300 _a155 ; .
365 _a2295.00
504 _a
942 _cBK
999 _c10713
_d10713